000 01220nam0a2200301 4500
001 RU\NLR\BIBL_A\022260030
005 20250625175424.0
010 _93000
035 _a(NLR Aleph) 022260030
090 _a13322559
_c13322559
100 _a20240624d1968 |||y0rusy50 ca
101 0 _adar
102 _aRU
105 _aa z 000 y
181 0 _ai
_baxxe
182 0 _an
200 1 _aДарган мез бехIбихьудла школала 4-ибил класслис учебник
_eДАССР-ла просвещениела Министерстволи кьабулбарибси саби
_e10-найс дураибси саби
_fС. Омаров
203 _aТекст
_bвизуальный
_cнепосредственный
205 _a10-е
210 _aМахачкала
_cДагучпедгиз
_d1968
215 _a86,[1] с.
_cил., табл.
_d23
541 1 _aДаргинский яз. для 4 кл. ср. шк.
_eпринято Министерством просвещения ДАССР
_zrus
686 1 _aШ160.33-921
700 1 _aОмаров
_bС. М.
_gСаид Магомедович
_4070
852 _aNLR
_bОНЛ
_jДарг./3-513
942 _cBOOK
980 _aNB